NIOSH Health Hazard Evaluation Report, HETA 98-0152-2729, Wolfeboro Public Safety Building Wolfeboro, New Hampshire, March 1999.

Bibliographic Details
Corporate Author: National Institute for Occupational Safety and Health
Format: Government Document Book
Language:English
Published: [Place of publication not identified] : [publisher not identified], [1999?]

MARC

Tag First Indicator Second Indicator Subfields
LEADER 00000cam a22000007a 4500
001 in00000005399
005 20150929090037.0
008 990902s1999 xxu f000 0 eng
035 |a (OCoLC) 
035 |a tmp97229265 
035 |9 AJK3049AM 
040 |a MvI  |c MvI  |d UtOrBLW 
049 |a UMIC 
074 |a 0499-F-16 
086 0 |a HE 20.7125/2:98-0152-2729 
245 0 0 |a NIOSH Health Hazard Evaluation Report, HETA 98-0152-2729, Wolfeboro Public Safety Building Wolfeboro, New Hampshire, March 1999. 
264 1 |a [Place of publication not identified] :  |b [publisher not identified],  |c [1999?] 
336 |a text  |b txt  |2 rdacontent 
337 |a unmediated  |b n  |2 rdamedia 
338 |a volume  |b nc  |2 rdacarrier 
500 |a Shipping List #: 99-0340-P 
500 |a Shipping List Date: 08/20/99 
710 2 |a National Institute for Occupational Safety and Health. 
999 |a MARS 
999 f f |s 3e2f0525-e632-3656-bfe2-bb4e663ab671  |i 9dde94fc-3103-3d34-be25-56b9ca261903  |t 0 
952 f f |p normal  |a Texas A&M University  |b College Station  |c Sterling C. Evans Library  |d Evans: US Documents (Annex 5th floor)  |t 0  |e HE 20.7125/2:98-0152-2729  |h Superintendent of Documents classification  |i unmediated -- volume  |m A14827562672 
998 f f |a HE 20.7125/2:98-0152-2729  |t 0  |l Evans: US Documents (Annex 5th floor)